000 00611nam a2200229Ia 4500
003 OSt
005 20221007072446.0
006 a|||||r|||| 00| 0
007 ta
008 221006b |||||||| |||| 00| 0 eng d
024 _a28,912
037 _cTextual
040 _aFLL
_cFLL
_beng
041 _2eng
_aeng
082 _aZ936TqN6, K7.2
100 _aWylie Sir Campbell
_9690697
245 0 _aLaw of Tongo
260 _aLondon
_bSweet & Maxweell Ltd. London
_c1967
300 _avi,1303p
_ccm.
942 _hZ936TqN6, K7.2
_cTEXL
_2CC
999 _c1146135
_d1146135